| 000 | 00348 a2200121 4500 | ||
|---|---|---|---|
| 020 | _a075066469X | ||
| 082 | _a693.21 HOU | ||
| 100 | _aHouse, Woodside | ||
| 245 |
_aThe BDA Guide to Successful Brickwork/ _cWoodside House, Winkfield , Windsor, Berk |
||
| 250 | _a3rd ed | ||
| 260 |
_aAmsterdam : _bElsevier, _c2005 |
||
| 300 |
_axvi, 242p. : _bill. ; _c27 cm |
||
| 650 | _aBrickwork | ||
| 999 |
_c1797 _d1797 |
||